000 01534nam a22002177a 4500
999 _c22145
_d22145
003 AR-CdUCM
008 190429b ||||| |||| 00| 0 spa d
040 _aMUNICIPALIDAD PROVINCIAL DEL CUSCO
_cBIBLIOTECA MUNICIPAL DEL CUSCO
082 _aIllapa/N°4/2010
245 _aIllapa :
_bRevista de la Escuela Superior Autónoma de Bellas Artes Diego Quispe Tito del Cusco /
260 _aCusco.
_bESABAC,
_c2010.
300 _a108 páginas. :
_bilustraciones ;
_c29 cm.
440 _aIllapa.
_nAño IV, N°4, octubre 2010.
_947532
505 _aContenido: Cromatismo del Dios Hablador. Óscar Mamani. -- Barroco Andino contemporáneo en Italia. Riccardo Scotti. -- Niñez y juventud de Gómez Suárez de Figueroa. Alejandro Herrera. -- El carácter ancestral. Amelia Rodríguez. -- Qosqo año 2000. Manuel Chávez Ballón. -- Funciones del Ukuko o Pablito. Sixto Guevara. -- Memorias de un avernícola. Edwin Chávez. -- Pintura gastronómica. Javier Escribens. -- Aproximaciones. Mario Curasi. -- Oda al perfecto cuentista. Gloria Domínguez. -- Qoyllor rit´i fotografías. Vicente Revilla. -- Sonata. Julio César Baca. -- Metafísica del Arte. Luis Palma. -- Acerca de un ganador. César Florez Florez. -- Mamá Ayahuasca. David Hewson. -- Los museos y su importancia. Óscar Casafranca.
650 _aArte cusqueño
_913165
650 _aArtistas cusqueños
_946623
650 _aBellas Artes
_912670
710 _aEscuela Superior Autónoma de Bellas Artes Diego Quispe Tito del Cusco
_947530
942 _2ddc
_cPP
945 _arac